000 00615nam a22001937a 4500
999 _c190946
_d190946
005 20220816111553.0
010 _aUR-11671
020 _a9789391238919
_c400.00
035 _aU-10226
037 _bDBAD/PUB
_a-
082 _aن
100 _aشفق سوپو ری
245 _aدر یا ہے چشم گر یہ نا ک /
_cشفق سوپو ری
246 _aDariya Hai Chashm-E-Girya Nak /
_bby Shafaq Sopori
260 _aNew Delhi
_bEducational Publishing House
_c2021 ء
270 _aH.O. D1/16, Ansari Road, Darya Ganj
_bNew Delhi
_e110002
300 _a160 ص
_c22cm(pbk)
942 _2ddc
_cUR
_hن
_mش ف ق